| 000 | 00000nam##2200000za#4500 |
| 001 | 9.664958 |
| 003 | CaOODSP |
| 005 | 20240219162708 |
| 007 | ta |
| 008 | 150407|2002||||xxc||||| f|0| 0 fre|d |
| 040 | |aCaOODSP|bfre |
| 041 | |aeng |
| 041 | |afre |
| 043 | |an-cn--- |
| 086 | 1 |aNF2-1/2002 |
| 110 | 2 |aOffice national du film du Canada. |
| 245 | 10|aÉquité en matière d'emploi, rapport annuel, 2001-2002 |
| 260 | |aOttawa - Ontario : |bOffice national du film du Canada |c2002. |
| 300 | |aTexte français, 10, [8]p. : |btableaux ; |c28 cm. |
| 563 | |aReliure à anneaux |
| 590 | |a03-43|b2003-10-24 |
| 691 | 07|aÉquité en matière d'emploi|2gcpds |
| 691 | 07|aIndustrie cinématographique|2gcpds |
| 791 | |tEmployment equity 2001-2002 annual report |eeng|w(CaOODSP)9.664957 |